| 000 | 01168nam a22002657a 4500 | ||
|---|---|---|---|
| 005 | 20080905121451.0 | ||
| 008 | 110608t xxu||||| |||| 00| 0 hin d | ||
| 010 | _aHIN-92881 | ||
| 020 |
_c150.00 _a9788189531126 |
||
| 035 | _aHN-65227 | ||
| 037 | _bDBAD / PUB | ||
| 040 |
_aDPL _bHN |
||
| 082 | _a821 | ||
| 100 |
_aबुद्धिराजा, राज _928442 |
||
| 245 |
_aचाँद / _cराज बुद्धिराजा |
||
| 246 |
_aChand _bby Raj Budhiraja |
||
| 260 |
_aनई दिल्ली _bतेज प्रकाशन _c2010 |
||
| 270 |
_a98, शक्ति भवन, दरियागंज _bनई दिल्ली _e110002 _k011- 43528469 _l011- 23258802 _mtejprakashan@gmail.com |
||
| 300 |
_a64पृ _c22सेमी (सजिल्द) _bसचित्र |
||
| 650 |
_928443 _aहिन्दी कविता |
||
| 650 |
_928455 _aHindi Poetry |
||
| 700 | _928521 | ||
| 942 |
_adpl _cHN _2ddc _mबुद्धिरा _h821 |
||
| 999 |
_c52795 _d52795 |
||